000 01328nam a2200385 c 4500
999 _c150983
_d150983
003 BLK
005 20220221132400.0
008 180410b bul|||||r ||||||| ||bul||
010 _aKNG00157339000
040 _aBLK
041 _aBUL
_cBUL
072 7 _2bullib
_aК
_xКраезнание
080 _aКомунистически партии. Вж и 327.323
_b329.15
_x(497.2)БКП
_z329.15(497.2)БКП
080 _aПолитически партии и движения
_b329
_x(497.2)БЗНС
_z329(497.2)БЗНС
139 _aДружба, родена в борбата и труда
_bД 90
245 1 0 _aДружба, родена в борбата и труда
257 _aBGR
260 _bОК на БКП
_c1966
300 _a64 с.
_bс ил.
_c20 см
380 _a3
650 4 _aБКП - история
_9251670
650 4 _aБЗНС - история
_9245934
650 4 _aБКП - Русе
_9330920
651 4 _aБългария
_9241624
651 4 _aРусе
_9179462
653 _aБКП
653 _aБЗНС
653 _aРусе
659 _aК
852 _aЦб 40862
852 _aК 329(497.2)/Д 90
856 4 _qpdf
856 4 _qpdf
942 _cKNG
_n0
_s1
944 _aCR
_c28.02.2014
_l28.02.2014 - от С1,Р / 28.02.2014
_kВаля_Йорданова
944 _aED
_c16.06.2015
_l28.02.2014 - от С1,Р / 28.02.2014
_kВася_Ганчева
999 _d150983